000 01533nam a2200385 c 4500
999 _c205974
_d205974
003 BLK
005 20240126153317.0
008 180411b bul|||||r ||||||| ||bul||
010 _aKNG00215706000
020 _a978-619-165-068-2
040 _aBLK
041 _aBUL
_cBUL
072 7 _2bullib
_aН85
_xДетска художествена литература Н
080 _aШведска литература
_b821.113.6
_x-93-32
_z821.113.6-93-32
100 1 _aУлсон, Кристина
_eпърви автор
_9335416
139 _aУлсон, Кристина
_bУ 53
245 1 0 _aСребърното момче
_cКристина Улсон; прев. от швед. Любомир Василев Гиздов.
257 _aSWE
260 _bЕргон
_c2017
_fСофия : Инвестпрес
300 _a200 с.
_c21 см
380 _aX
490 1 _aБиблиотека Малък свят
500 _aОриг. загл. Silverpojken / Kristina Ohlsson. - За автора на тази книга ; За преводача на тази книга.
653 _aлитература за деца
653 _aдетска литература
659 _aН
700 1 _aГиздов, Любомир Василев
_9370143
852 _aЦб 289029
856 4 _qpdf
856 4 _qpdf
942 _cKNG
_n0
_010
944 _aCR
_c27.01.2018
_lИва Цветкова
_k30543
944 _aED
_c30.01.2018
_lф /
_kЛюдмила_Стоянова
999 _d205974